Historia de los griegos : (Record no. 53283)

MARC details
000 -LEADER
campo de control de longitud fija 01081nam a2200241 i 4500
001 - NÚMERO DE CONTROL
campo de control 53283
003 - IDENTIFICADOR DE NÚMERO DE CONTROL
campo de control ES-MaACL
005 - FECHA Y HORA DE LA ÚLTIMA TRANSACCIÓN
campo de control 20250817041841.0
007 - CAMPO FIJO DE DESCRIPCIÓN FÍSICA--INFORMACIÓN GENERAL
campo de control de longitud fija t|
008 - DATOS DE LONGITUD FIJA--INFORMACIÓN GENERAL
campo de control de longitud fija 940202m18901891sp a |||| | spa d
100 1# - ENTRADA PRINCIPAL--NOMBRE DE PERSONA
Nombre de persona Duruy, Victor.
9 (RLIN) 46334
245 10 - MENCIÓN DEL TÍTULO
Título Historia de los griegos :
Resto del título desde los tiempos más remotos hasta la reducción de Grecia a provincia romana /
Mención de responsabilidad, etc. por Victor Duruy ; traducida de la última edición, revisada y aumentada por el autor, por Enrique Leopoldo de Verneuil.
260 ## - PUBLICACIÓN, DISTRIBUCIÓN, ETC.
Lugar de publicación, distribución, etc. Barcelona :
Nombre del editor, distribuidor, etc. Montaner y Simón,
Fecha de publicación, distribución, etc. 1890-1891.
300 ## - DESCRIPCIÓN FÍSICA
Extensión 3 v. :
Otras características físicas lám. col., il. ;
Dimensiones 24 cm.
530 ## - NOTA DISPONIBLE DE FORMULARIO FÍSICO ADICIONAL
Nota de formato físico adicional disponible Disponibles en formato digital v. 1-2.
586 ## - NOTA DE PREMIOS
Nota de premios Obra premiada por la Academia francesa
599 ## - NOTA A LAS ILUSTRACIONES
NOTA A LAS ILUSTRACIONES Lám.: cromolitografías.
651 #4 - PUNTO DE ACCESO ADICIONAL DE MATERIA--NOMBRE GEOGRÁFICO
Nombre geográfico Grecia-
Subdivisión general Historia-
Subdivisión cronológica Hasta 146 a.C.
9 (RLIN) 8781
700 1# - ENTRADA AGREGADA--NOMBRE PERSONAL
Nombre de persona Verneuil, Enrique Leopoldo de
9 (RLIN) 133649
852 4# - LOCALIZACIÓN
Ubicación ES-MaACL
Número de control de estantería F-1274-76
856 4# - LOCALIZACIÓN Y ACCESO ELECTRÓNICOS
Identificador Uniforme de Recursos <a href="http://www.bibliotecavirtualdeandalucia.es/catalogo/es/consulta/registro.do?id=1040316">http://www.bibliotecavirtualdeandalucia.es/catalogo/es/consulta/registro.do?id=1040316</a>
Nota pública Biblioteca Virtual de Andalucía
-- (V. 1-2)
Holdings
Estatus retirado Estado de pérdida Estado de daño No para préstamo Colección Biblioteca de origen Biblioteca actual Ubicación en estantería Fecha de adquisición Fuente de adquisición Total de préstamos Signatura topográfica completa Código de barras Visto por última vez Precio de reemplazo Tipo de ítem Koha
        Colección digital Biblioteca del Ateneo de Madrid Biblioteca del Ateneo de Madrid Depósito 2 17/01/2008     F-1274-76 1055987 23/02/2023 23/02/2023 Libro impreso antiguo